00928 2200313 4500001002100000005001500021035002000036007000300056008004100059020002200100082001200122084001400134100002300148245008000171250003400251300003100285650001000316700004200326264003800368336002100406337003000427338002300457040002200480090002200502850001200524504003400536999002200570990002200592INLIS00000000086099220210611105314 a0010-0621000527ta210611s2021 yoi g ind d a978-623-6995-51-804223a297 a297 MIS i0 aMiswariePengarang10aIslam wacana dan ispirasi /cMiswari; penyunting, Teuku Zulman Sangga Buana aCetakan pertama, Januari 2021 axxvi, 236 halaman ;c21 cm 4aIslam0 aTeuku Zulman Sangga BuanaePenyunting31aSleman :bZahir Publishing,c2021 2rdacontentateks 2rdamediaatanpa perantara 2rdacarrieravolume aYOPDYOGbinderda aCB-D.11 2021-0525 aYOPDYOG aBibliografi : halaman 226-236 aCB-D.11/2021-0525 aCB-D.11/2021-0525